[Event "Glorney Cup"]
[Site "Enfield"]
[Date "2015.07.22"]
[Round "5.9"]
[White "Green, Michael"]
[Black "Underwood, James Robert"]
[Result "1/2-1/2"]
[WhiteElo "1910"]
[BlackElo "1534"]
[PlyCount "71"]
[EventDate "2015.07.20"]
[EventType "team-schev"]
[EventRounds "6"]
[EventCountry "IRL"]
[SourceTitle "CBM 167 Extra"]
[Source "ChessBase"]
[SourceDate "2015.09.14"]
[SourceVersion "1"]
[SourceVersionDate "2015.09.14"]
[SourceQuality "1"]
[WhiteTeam "England"]
[BlackTeam "Scotland"]
[WhiteTeamCountry "ENG"]
[BlackTeamCountry "SCO"]

1. Nf3 d5 2. c4 c6 3. b3 Nf6 4. g3 e6 5. Bb2 Nbd7 6. Bg2 Bd6 7. 0-0 0-0 8. d3 b6 9. e3 Bb7 10. Qe2 dxc4 11. bxc4 Qc7 12. Nc3 a6 13. Rac1 c5 14. Rfd1 Rac8 15. Qc2 Ne5 16. Nd2 Bxg2 17. Kxg2 Nc6 18. Nce4 Be5 19. Nxf6+ Bxf6 20. Bxf6 gxf6 21. Ne4 f5 22. Ng5 Rfd8 23. Kg1 Qe7 24. Nf3 e5 25. d4 cxd4 26. exd4 e4 27. d5 Nb4 28. Qe2 Qf6 29. Ne1 a5 30. a3 Na6 31. Rb1 Nc5 32. Qb2 Qxb2 33. Rxb2 Rd6 34. Rc2 Kf8 35. Ng2 Ke8 36. Ne3 1/2-1/2

[Event "EU-ch U14 23rd"]
[Site "Budva"]
[Date "2013.10.07"]
[Round "8"]
[White "Underwood, James Robert"]
[Black "Mouthuy, Jacky Long"]
[Result "1-0"]
[WhiteElo "1526"]
[BlackElo "1380"]
[PlyCount "43"]
[EventDate "2013.09.29"]
[EventType "swiss"]
[EventRounds "9"]
[EventCountry "MNE"]
[SourceTitle "EXT 2014"]
[Source "ChessBase"]
[SourceDate "2013.11.20"]
[SourceVersion "1"]
[SourceVersionDate "2013.11.20"]
[SourceQuality "1"]

1. e4 e5 2. Nf3 Nc6 3. Bb5 Nd4 4. Nxd4 exd4 5. 0-0 Bc5 6. c3 Ne7 7. Kh1 0-0 8. f3 d6 9. cxd4 Bxd4 10. Nc3 Be6 11. d3 c6 12. Bc4 d5 13. Bb3 Qd7 14. Qc2 Rfd8 15. Re1 Rac8 16. Bf4 Ng6 17. Bg3 Ne5 18. exd5 Nxf3 19. dxe6 Nxe1 20. exd7 Nxc2 21. dxc8Q Nxa1 22. Qxd8# 1-0

[Event "EU-ch U14 23rd"]
[Site "Budva"]
[Date "2013.10.06"]
[Round "7"]
[White "Yazici, Ugur Doga"]
[Black "Underwood, James Robert"]
[Result "1-0"]
[WhiteElo "1696"]
[BlackElo "1526"]
[PlyCount "51"]
[EventDate "2013.09.29"]
[EventType "swiss"]
[EventRounds "9"]
[EventCountry "MNE"]
[SourceTitle "EXT 2014"]
[Source "ChessBase"]
[SourceDate "2013.11.20"]
[SourceVersion "1"]
[SourceVersionDate "2013.11.20"]
[SourceQuality "1"]

1. e4 e5 2. Nf3 Nc6 3. Bb5 a6 4. Bxc6 dxc6 5. 0-0 Bg4 6. h3 h5 7. d3 Qf6 8. Be3 Bxf3 9. Qxf3 Qxf3 10. gxf3 0-0-0 11. f4 f6 12. fxe5 fxe5 13. Nd2 Bd6 14. Nc4 b5 15. Na5 Kd7 16. Nb7 Re8 17. a4 b4 18. Na5 c5 19. Nb3 Kc6 20. Rfc1 Nf6 21. c3 bxc3 22. Rxc3 Nd7 23. Rac1 Nb6 24. Nxc5 Bxc5 25. Rxc5+ Kd6 26. Rc6+ 1-0

[Event "Edinburgh op"]
[Site "Edinburgh"]
[Date "2012.03.31"]
[Round "3"]
[White "Mitchison, Robert"]
[Black "Underwood, James Robert"]
[Result "1/2-1/2"]
[WhiteElo "1660"]
[BlackElo "1272"]
[PlyCount "37"]
[EventDate "2012.03.30"]
[EventType "swiss"]
[EventRounds "5"]
[EventCountry "SCO"]
[SourceTitle "EXT 2014"]
[Source "ChessBase"]
[SourceDate "2013.11.20"]
[SourceVersion "1"]
[SourceVersionDate "2013.11.20"]
[SourceQuality "1"]

1. e4 d5 2. exd5 Qxd5 3. Nc3 Qa5 4. d4 c6 5. Nf3 Nf6 6. Be2 Bf5 7. 0-0 Nbd7 8. a3 e6 9. b4 Qd8 10. Bf4 h6 11. Bd3 Bxd3 12. Qxd3 Nb6 13. Rad1 Nbd5 14. Nxd5 Nxd5 15. Bg3 Bd6 16. Be5 Bxe5 17. Nxe5 0-0 18. c4 Nf6 19. Qg3 1/2-1/2